Marketing Communication Strategy to Develop an Audience on Instagram Social Network

Popis 8 stratégií na zaujatie či získanie publika na Instagrame. Zhodnotenie ich kladov a záporov.

Guardado en:
Detalles Bibliográficos
Autor principal: Kuchta, Martin, 1990-
Otros Autores: Stanková, Monika, 1993-
Formato: Capítulo de libro
Lenguaje:inglés
Materias:
Etiquetas: Agregar Etiqueta
Sin Etiquetas, Sea el primero en etiquetar este registro!

MARC

LEADER 00000naa$a2200000$$$4500
001 0261478
005 20240502074146.8
041 0 |a eng 
044 |a SK 
245 1 0 |a Marketing Communication Strategy to Develop an Audience on Instagram Social Network  |c Martin Kuchta, Monika Stanková 
520 |a Popis 8 stratégií na zaujatie či získanie publika na Instagrame. Zhodnotenie ich kladov a záporov. 
610 2 0 |a siete sociálne 
610 2 0 |a komunikácia marketingová 
610 2 0 |a marketing elektronický 
610 2 0 |a stratégia marketingová 
100 1 |a Kuchta, Martin, 1990- 
700 1 |a Stanková, Monika, 1993-